City, Game, House, or Place TV Shows Quiz Stats

 Plays Quiz Updated Nov 8, 2019

Score 0/20 Timer 03:00
39 Plays Today
Question Answer Wrong Answers
Sex and the _____ (1998 - 2004)
Sarah Jessica Parker, Kim Cattrall
City
98.2%
Game
0.1%
House
0.1%
Place
0%
Full _____ (1987 - 1995)
Bob Saget, John Stamos
House
97.6%
City
0.2%
Game
0.3%
Place
0.2%
_____ of Thrones (2011 - 2019)
Emilia Clarke, Peter Dinklage
Game
97.6%
City
0.1%
House
0.5%
Place
0.1%
Little _____ on the Prairie (1974 - 1983)
Melissa Gilbert, Michael Landon
House
97.5%
City
0.3%
Game
0.2%
Place
0.3%
The Dating _____ (1966 - 1978)
hosted by Jim Lange
Game
97.4%
City
0.2%
House
0.2%
Place
0.5%
_____ of Cards (2013 - 2018)
Kevin Spacey, Robin Wright
House
95.6%
City
0.2%
Game
2.3%
Place
0.1%
Spin _____ (1996 -2002)
Michael J. Fox, Barry Bostwick
City
95.5%
Game
1.6%
House
0.8%
Place
0.3%
_____ (2004 - 2012)
Hugh Laurie, Omar Epps
House
95.5%
City
1.1%
Game
1.1%
Place
0.5%
Melrose _____ (1992 - 1999)
Heather Locklear, Andrew Shue
Place
94.8%
City
1.7%
Game
0.3%
House
1.4%
Wizards of Waverly _____ (2007 - 2012)
Selena Gomez, David Henrie
Place
92.7%
City
1.2%
Game
0.4%
House
3.8%
The Newlywed _____ (1966 - 1974)
hosted by Bob Eubanks
Game
92.2%
City
0.8%
House
3.6%
Place
1.6%
The Name of the _____ (1968 - 1971)
Gene Barry, Susan Saint James
Game
90.8%
City
2.2%
House
0.9%
Place
4.2%
Caroline in the _____ (1995 - 1999)
Lea Thompson, Malcolm Gets
City
90.6%
Game
0.4%
House
6.6%
Place
0.6%
Peyton _____ (1964 - 1969)
Ed Nelson, Barbara Parkins
Place
89.7%
City
2.8%
Game
0.9%
House
4.8%
Hollywood _____ Night (2010 - present)
hosted by Jane Lynch
Game
89.6%
City
5.5%
House
1.7%
Place
1.4%
The Good _____ (2016 - present)
Kristen Bell, William Jackson Harper
Place
88%
City
1.5%
Game
2.8%
House
5.8%
_____ of Lies (2012 - 2016)
Don Cheadle, Kristen Bell
House
81.6%
City
8.5%
Game
7.7%
Place
0.4%
Archie Bunker's _____ (1979 - 1983)
Carroll O'Connor, Danielle Brisebois
Place
69.2%
City
1%
Game
2.2%
House
25.8%
Naked _____ (1958 - 1963)
Harry Bellaver, Horace McMahon
City
66.7%
Game
11.1%
House
10.4%
Place
9.9%
Broad _____ (2014 - 2019)
Ilana Glazer, Abbi Jacobson
City
66.4%
Game
4.4%
House
14.2%
Place
13%

You're not logged in!

Compare scores with friends on all Sporcle quizzes.
OR
Log In

Sporcle TV

Today on Sporcle TV


Watch our educational content, quiz creation guides, and fun videos on Sporcle TV.

Show Comments

Extras

Top Quizzes Today


Score Distribution

Your Account Isn't Verified!

In order to create a playlist on Sporcle, you need to verify the email address you used during registration. Go to your Sporcle Settings to finish the process.

Report this User

Report this user for behavior that violates our Community Guidelines.

Details: